[Event "RB-2019-0-00372"]
[Site "LSS email"]
[Date "2019.06.19"]
[Round "?"]
[White "Daanen, Aard"]
[Black "Rodriguez, Raul"]
[Result "1/2-1/2"]
[WhiteElo "2131"]
[BlackElo "1983"]
[PlyCount "51"]
[EventDate "2019.01.11"]
[EventType "tourn (corr)"]
[EventRounds "6"]
[EventCountry "GER"]
[SourceTitle "Corr 2022"]
[Source "ChessBase"]
[SourceDate "2021.10.24"]
[SourceVersion "1"]
[SourceVersionDate "2021.10.24"]
[SourceQuality "1"]

1. e4 e6 2. d4 d5 3. Nc3 Nf6 4. Bg5 dxe4 5. Nxe4 Be7 6. Bxf6 gxf6 7. Nf3 a6 8. g3 f5 9. Nc3 b5 10. Bg2 Bb7 11. 0-0 c5 12. d5 b4 13. dxe6 bxc3 14. exf7+ Kf8 15. Qe2 Bf6 16. Ng5 Bxg5 17. Bxb7 Ra7 18. Qe5 Kxf7 19. Rad1 Qf6 20. Qxc5 Rxb7 21. Qd5+ Kg6 22. Qxb7 cxb2 23. f4 Qe7 24. Qxb2 Bf6 25. c3 Nd7 26. Rfe1 1/2-1/2

[Event "RA-2019-0-00614"]
[Site "LSS email"]
[Date "2019.02.11"]
[Round "?"]
[White "Littke, Helmut"]
[Black "Daanen, Aard"]
[Result "1/2-1/2"]
[WhiteElo "2387"]
[BlackElo "2138"]
[PlyCount "32"]
[EventDate "2018.12.24"]
[EventType "tourn (corr)"]
[EventRounds "6"]
[EventCountry "GER"]
[SourceTitle "Corr 2022"]
[Source "ChessBase"]
[SourceDate "2021.10.24"]
[SourceVersion "1"]
[SourceVersionDate "2021.10.24"]
[SourceQuality "1"]

1. e4 c5 2. Nf3 d6 3. d4 cxd4 4. Nxd4 Nf6 5. Nc3 a6 6. Be2 e6 7. Be3 Qc7 8. f3 b5 9. a3 Nbd7 10. Qd2 Ne5 11. 0-0 Be7 12. Rad1 Bd7 13. Kh1 0-0 14. f4 Nc4 15. Bxc4 bxc4 16. Qe1 Rab8 1/2-1/2

[Event "RA-2019-0-00614"]
[Site "LSS email"]
[Date "2019.02.11"]
[Round "?"]
[White "Willmann, Bernd"]
[Black "Daanen, Aard"]
[Result "1/2-1/2"]
[WhiteElo "2265"]
[BlackElo "2138"]
[PlyCount "47"]
[EventDate "2018.12.24"]
[EventType "tourn (corr)"]
[EventRounds "6"]
[EventCountry "GER"]
[SourceTitle "Corr 2022"]
[Source "ChessBase"]
[SourceDate "2021.10.24"]
[SourceVersion "1"]
[SourceVersionDate "2021.10.24"]
[SourceQuality "1"]

1. d4 Nf6 2. c4 g6 3. Nc3 d5 4. cxd5 Nxd5 5. e4 Nxc3 6. bxc3 Bg7 7. Bc4 c5 8. Ne2 Nc6 9. Be3 0-0 10. 0-0 b6 11. dxc5 Qc7 12. Nd4 Ne5 13. Nb5 Qb8 14. Be2 bxc5 15. Rb1 a6 16. Nd4 Qc7 17. Nb3 Rd8 18. Qc2 c4 19. Nc5 Nd3 20. Nxd3 cxd3 21. Bxd3 Qxc3 22. Qxc3 Bxc3 23. Bc4 Bd7 24. Rfc1 1/2-1/2

[Event "RA-2018-0-00607"]
[Site "LSS email"]
[Date "2018.11.28"]
[Round "?"]
[White "Daanen, Aard"]
[Black "Eman, Juan"]
[Result "0-1"]
[WhiteElo "2153"]
[BlackElo "2229"]
[PlyCount "84"]
[EventDate "2018.10.22"]
[EventType "tourn (corr)"]
[EventRounds "6"]
[EventCountry "GER"]
[SourceTitle "Corr 2022"]
[Source "ChessBase"]
[SourceDate "2021.10.24"]
[SourceVersion "1"]
[SourceVersionDate "2021.10.24"]
[SourceQuality "1"]

1. e4 c5 2. b3 g6 3. Bb2 Nf6 4. e5 Nd5 5. Nf3 Bg7 6. d4 Qa5+ 7. Qd2 Qxd2+ 8. Nbxd2 cxd4 9. Nxd4 Bxe5 10. 0-0-0 Nc7 11. N2f3 Bg7 12. Nb5 Bxb2+ 13. Kxb2 Nba6 14. Nfd4 Kf8 15. Be2 d6 16. Nc3 h5 17. Rhe1 Bd7 18. a4 Nc5 19. Ndb5 Ne8 20. f3 Nf6 21. b4 Ne6 22. Bc4 Ng7 23. Kb3 Nge8 24. Nd5 Nxd5 25. Bxd5 Bc8 26. c4 a6 27. Nc3 a5 28. Nb5 axb4 29. Kxb4 Nf6 30. Rd2 h4 31. Rde2 e6 32. Be4 Ra6 33. Nc7 Rb6+ 34. Nb5 Rh5 35. Rd2 Bd7 36. a5 Rhxb5+ 37. cxb5 Rxb5+ 38. Kc3 d5 39. Bc2 Rxa5 40. Rd4 h3 41. gxh3 Bc6 42. h4 Ke7 0-1

[Event "RA-2018-0-00607"]
[Site "LSS email"]
[Date "2018.11.28"]
[Round "?"]
[White "Khlopov, Sergej"]
[Black "Daanen, Aard"]
[Result "1-0"]
[WhiteElo "2194"]
[BlackElo "2153"]
[PlyCount "81"]
[EventDate "2018.10.22"]
[EventType "tourn (corr)"]
[EventRounds "6"]
[EventCountry "GER"]
[SourceTitle "Corr 2022"]
[Source "ChessBase"]
[SourceDate "2021.10.24"]
[SourceVersion "1"]
[SourceVersionDate "2021.10.24"]
[SourceQuality "1"]

1. e4 c5 2. Nf3 Nc6 3. d4 cxd4 4. Nxd4 Nf6 5. Nc3 e5 6. Ndb5 d6 7. Bg5 a6 8. Na3 b5 9. Nd5 Be7 10. Bxf6 Bxf6 11. c3 0-0 12. Nc2 Rb8 13. h4 Be7 14. Nce3 Be6 15. a4 Qd7 16. Be2 Bd8 17. axb5 axb5 18. h5 Bg5 19. 0-0 Rfd8 20. b4 Bxe3 21. Nxe3 Ne7 22. Qd3 d5 23. exd5 Nxd5 24. Nxd5 Bxd5 25. Rfd1 h6 26. Ra2 Bc6 27. Qxd7 Rxd7 28. Rxd7 Bxd7 29. Kf1 Be8 30. Ra7 f6 31. Ke1 Kf8 32. Kd2 Rd8+ 33. Kc2 Bc6 34. Rc7 Rd6 35. Bd3 Be8 36. g4 Bc6 37. Rc8+ Ke7 38. Rg8 Kf7 39. Rb8 Bf3 40. Bxb5 Bxg4 41. c4 1-0

[Event "RA-2018-0-00607"]
[Site "LSS email"]
[Date "2018.11.28"]
[Round "?"]
[White "Koch, Christian"]
[Black "Daanen, Aard"]
[Result "1-0"]
[WhiteElo "2305"]
[BlackElo "2153"]
[PlyCount "79"]
[EventDate "2018.10.22"]
[EventType "tourn (corr)"]
[EventRounds "6"]
[EventCountry "GER"]
[SourceTitle "Corr 2022"]
[Source "ChessBase"]
[SourceDate "2021.10.24"]
[SourceVersion "1"]
[SourceVersionDate "2021.10.24"]
[SourceQuality "1"]

1. e4 e5 2. Nf3 Nf6 3. d4 Nxe4 4. Bd3 d5 5. Nxe5 Nd7 6. Nxd7 Bxd7 7. 0-0 Bd6 8. c4 c6 9. cxd5 cxd5 10. Nc3 Nxc3 11. bxc3 0-0 12. Qh5 g6 13. Qxd5 Qc7 14. Bh6 Rfd8 15. Qg5 Bxh2+ 16. Kh1 Bd6 17. f4 Bf8 18. f5 f6 19. Qxf6 Bxh6 20. fxg6 Bg7 21. Qh4 h6 22. Rf7 Qd6 23. Re1 Re8 24. Bc4 Rxe1+ 25. Qxe1 Kh8 26. Qe3 Qxg6 27. Rxd7 Re8 28. Qf3 Rf8 29. Bf7 Qg5 30. g3 b5 31. Rxa7 b4 32. cxb4 Qc1+ 33. Kh2 Qb2+ 34. Kh3 Qxb4 35. d5 Qc5 36. Ra4 Qc8+ 37. Be6 Rxf3 38. Bxc8 Be5 39. Rg4 Ra3 40. Be6 1-0

[Event "RA-2018-0-00602"]
[Site "LSS email"]
[Date "2018.10.22"]
[Round "?"]
[White "Daanen, Aard"]
[Black "Mcdaniel, Curtis"]
[Result "1/2-1/2"]
[WhiteElo "2160"]
[BlackElo "2213"]
[PlyCount "53"]
[EventDate "2018.09.15"]
[EventType "tourn (corr)"]
[EventRounds "6"]
[EventCountry "GER"]
[SourceTitle "Corr 2022"]
[Source "ChessBase"]
[SourceDate "2021.10.24"]
[SourceVersion "1"]
[SourceVersionDate "2021.10.24"]
[SourceQuality "1"]

1. d4 d5 2. c4 e6 3. Nc3 c6 4. Nf3 dxc4 5. a4 Bb4 6. e3 b5 7. Bd2 a5 8. axb5 Bxc3 9. Bxc3 cxb5 10. b3 Bb7 11. bxc4 b4 12. Bb2 Nf6 13. Bd3 Nbd7 14. 0-0 0-0 15. Re1 Ne4 16. Qc2 f5 17. c5 Bc6 18. Bc4 Qe7 19. Bb3 Ra7 20. Ba4 Bxa4 21. Rxa4 Rfa8 22. Rea1 Qe8 23. Ne1 Nb8 24. f3 Nf6 25. Nd3 Nc6 26. Qb3 Qd7 27. Qc2 1/2-1/2

[Event "RA-2018-0-00602"]
[Site "LSS email"]
[Date "2018.10.22"]
[Round "?"]
[White "Daanen, Aard"]
[Black "Willmann, Bernd"]
[Result "1/2-1/2"]
[WhiteElo "2160"]
[BlackElo "2273"]
[PlyCount "111"]
[EventDate "2018.09.15"]
[EventType "tourn (corr)"]
[EventRounds "6"]
[EventCountry "GER"]
[SourceTitle "Corr 2022"]
[Source "ChessBase"]
[SourceDate "2021.10.24"]
[SourceVersion "1"]
[SourceVersionDate "2021.10.24"]
[SourceQuality "1"]

1. e4 c5 2. Nf3 d6 3. d4 cxd4 4. Nxd4 Nf6 5. Nc3 a6 6. f3 e5 7. Nb3 Be6 8. Be3 Nbd7 9. g4 Be7 10. Qd2 h6 11. 0-0-0 b5 12. h4 Nb6 13. Qf2 Nfd7 14. Kb1 Rc8 15. Nd5 Bxd5 16. exd5 Nc4 17. Bc1 Qb6 18. Qe1 a5 19. Bxc4 bxc4 20. Nxa5 Rc5 21. Bd2 Nf6 22. Bb4 c3 23. Bxc3 Nxd5 24. Bd2 0-0 25. Qe4 Nf6 26. Qb7 Qxb7 27. Nxb7 Rc7 28. Na5 h5 29. g5 Nd5 30. Bc1 Nb6 31. Be3 Na4 32. Rd3 f6 33. f4 Nc5 34. Bxc5 dxc5 35. b3 exf4 36. g6 f5 37. Rf3 Rcc8 38. Rxf4 Bd6 39. Rf3 Bc7 40. Nc4 f4 41. a4 Rce8 42. Rd1 Re6 43. Rd7 Bd8 44. Rxf4 Rxf4 45. Rxd8+ Rf8 46. Rd5 Rxg6 47. Rxh5 Rc6 48. Kb2 Rf2 49. Rd5 Rc7 50. Ne5 Rf5 51. a5 Rc8 52. c4 g5 53. hxg5 Rxg5 54. Nd3 Rxd5 55. cxd5 c4 56. Ne5 1/2-1/2

[Event "RA-2018-0-00602"]
[Site "LSS email"]
[Date "2018.10.22"]
[Round "?"]
[White "Kolanek, Roman"]
[Black "Daanen, Aard"]
[Result "1/2-1/2"]
[WhiteElo "2132"]
[BlackElo "2160"]
[PlyCount "63"]
[EventDate "2018.09.15"]
[EventType "tourn (corr)"]
[EventRounds "6"]
[EventCountry "GER"]
[SourceTitle "Corr 2022"]
[Source "ChessBase"]
[SourceDate "2021.10.24"]
[SourceVersion "1"]
[SourceVersionDate "2021.10.24"]
[SourceQuality "1"]

1. d4 Nf6 2. c4 g6 3. Nc3 Bg7 4. e4 d6 5. Nf3 0-0 6. Be2 e5 7. d5 Nbd7 8. Be3 Ng4 9. Bg5 f6 10. Bh4 Nh6 11. Nd2 a5 12. f3 Nf7 13. Qc2 Nc5 14. 0-0-0 Bd7 15. Kb1 a4 16. a3 b6 17. h3 Bh6 18. g4 Be3 19. Nf1 Bh6 20. Nb5 Bf4 21. Bf2 Kh8 22. Ne3 Nb3 23. h4 Kg7 24. Ng2 Bh6 25. Bd3 Nc5 26. h5 Nb3 27. Qe2 Qc8 28. Bc2 Nc5 29. Rh3 Rh8 30. Rdh1 Qb7 31. R3h2 Bg5 32. Qf1 1/2-1/2

[Event "RA-2018-0-00597"]
[Site "LSS email"]
[Date "2018.09.04"]
[Round "?"]
[White "Luers, Lavas"]
[Black "Daanen, Aard"]
[Result "1/2-1/2"]
[WhiteElo "2146"]
[BlackElo "2172"]
[PlyCount "46"]
[EventDate "2018.08.13"]
[EventType "tourn (corr)"]
[EventRounds "6"]
[EventCountry "GER"]
[SourceTitle "Corr 2022"]
[Source "ChessBase"]
[SourceDate "2021.10.24"]
[SourceVersion "1"]
[SourceVersionDate "2021.10.24"]
[SourceQuality "1"]

1. c4 e5 2. g3 Nf6 3. Bg2 d5 4. cxd5 Nxd5 5. Nc3 Nb6 6. Nf3 Nc6 7. 0-0 Be7 8. a3 0-0 9. b4 Be6 10. Rb1 f6 11. d3 Nd4 12. Nd2 Nd5 13. Bb2 Nxc3 14. Bxc3 c6 15. Bxd4 Qxd4 16. Nb3 Qc3 17. Qc1 Qxc1 18. Rfxc1 Rad8 19. Na5 Rb8 20. h4 Rfc8 21. Bf3 Kf7 22. Kg2 a6 23. Nb3 Rd8 1/2-1/2

[Event "RA-2018-0-00584"]
[Site "LSS email"]
[Date "2018.06.20"]
[Round "?"]
[White "Daanen, Aard"]
[Black "Bubnov, Vladimir"]
[Result "1/2-1/2"]
[WhiteElo "2148"]
[BlackElo "2275"]
[PlyCount "161"]
[EventDate "2018.05.14"]
[EventType "tourn (corr)"]
[EventRounds "6"]
[EventCountry "GER"]
[SourceTitle "Corr 2022"]
[Source "ChessBase"]
[SourceDate "2021.10.24"]
[SourceVersion "1"]
[SourceVersionDate "2021.10.24"]
[SourceQuality "1"]

1. e4 e5 2. f4 exf4 3. Nf3 h6 4. Nc3 g5 5. d4 d6 6. g3 fxg3 7. hxg3 Bg7 8. Bc4 Bg4 9. Rf1 Qd7 10. Qd3 Nc6 11. Be3 a6 12. 0-0-0 Bh5 13. Qd2 Nge7 14. a3 Rf8 15. Be2 Bg4 16. Kb1 Ng6 17. e5 0-0-0 18. exd6 Qxd6 19. Nxg5 Bxe2 20. Nge4 Qe5 21. Qxe2 Nxd4 22. Qc4 Qe6 23. Qxe6+ fxe6 24. Rxf8 Nxf8 25. Rh1 Nf5 26. Bc1 Nd7 27. Ne2 Nd6 28. Rh4 Rh8 29. Nf4 e5 30. Nxd6+ cxd6 31. Nd5 Nc5 32. Rg4 Ne6 33. Rg6 Kd7 34. Be3 h5 35. c3 Bf8 36. Nb6+ Ke8 37. Nd5 Ng7 38. Rf6 Be7 39. Nxe7 Kxe7 40. Bg5 Rf8 41. Rh6+ Kf7 42. Rf6+ Kg8 43. Rxd6 Nf5 44. Re6 Nxg3 45. Rxe5 Rf5 46. Re8+ Kg7 47. Bd8 Rf8 48. Rxf8 Kxf8 49. Kc2 Nf5 50. Kd3 Ke8 51. Bc7 Kd7 52. Bh2 h4 53. Ke4 Ke6 54. c4 Ng3+ 55. Kf3 Nf1 56. Bf4 h3 57. a4 Kf5 58. Bh6 Nh2+ 59. Kg3 Ng4 60. Bg7 h2 61. Kg2 Ke4 62. b4 Ne3+ 63. Kxh2 Nxc4 64. Kg3 Ne3 65. Bf8 Nd5 66. Kg4 Nb6 67. a5 Nd7 68. Be7 Ne5+ 69. Kg5 Nc6 70. Bf8 Ke5 71. Kg6 Ke6 72. Kg5 Nb8 73. Bg7 Nc6 74. Bf8 Kd5 75. Kf6 Kc4 76. Ke6 Nxb4 77. Kd7 Kb5 78. Kc7 Kxa5 79. Kxb7 Kb5 80. Bxb4 Kxb4 81. Kxa6 1/2-1/2

[Event "RA-2018-0-00584"]
[Site "LSS email"]
[Date "2018.06.20"]
[Round "?"]
[White "Pilgram, Kurt"]
[Black "Daanen, Aard"]
[Result "0-1"]
[WhiteElo "2117"]
[BlackElo "2148"]
[PlyCount "20"]
[EventDate "2018.05.14"]
[EventType "tourn (corr)"]
[EventRounds "6"]
[EventCountry "GER"]
[SourceTitle "Corr 2022"]
[Source "ChessBase"]
[SourceDate "2021.10.24"]
[SourceVersion "1"]
[SourceVersionDate "2021.10.24"]
[SourceQuality "1"]

1. d4 Nf6 2. c4 g6 3. Nc3 Bg7 4. e4 d6 5. Nge2 a6 6. Ng3 h5 7. Be2 h4 8. Nf1 h3 9. g3 0-0 10. f4 c5 0-1

[Event "RA-2018-0-00581"]
[Site "LSS email"]
[Date "2018.05.23"]
[Round "?"]
[White "Morcin, Tom"]
[Black "Daanen, Aard"]
[Result "1/2-1/2"]
[WhiteElo "2235"]
[BlackElo "2143"]
[PlyCount "32"]
[EventDate "2018.05.06"]
[EventType "tourn (corr)"]
[EventRounds "6"]
[EventCountry "GER"]
[SourceTitle "Corr 2022"]
[Source "ChessBase"]
[SourceDate "2021.10.24"]
[SourceVersion "1"]
[SourceVersionDate "2021.10.24"]
[SourceQuality "1"]

1. g3 c5 2. Bg2 Nc6 3. c4 g6 4. Nc3 Bg7 5. Nf3 e6 6. d4 cxd4 7. Nb5 d5 8. cxd5 exd5 9. 0-0 Nge7 10. Nbxd4 0-0 11. b3 Nf5 12. Bb2 Qb6 13. e3 Ncxd4 14. Nxd4 Nxd4 15. Bxd4 Bxd4 16. exd4 Be6 1/2-1/2

[Event "RA-2018-0-00578"]
[Site "LSS email"]
[Date "2018.05.10"]
[Round "?"]
[White "Daanen, Aard"]
[Black "Corti, Horacio"]
[Result "1/2-1/2"]
[WhiteElo "2159"]
[BlackElo "2304"]
[PlyCount "61"]
[EventDate "2018.04.07"]
[EventType "tourn (corr)"]
[EventRounds "6"]
[EventCountry "GER"]
[SourceTitle "Corr 2022"]
[Source "ChessBase"]
[SourceDate "2021.10.24"]
[SourceVersion "1"]
[SourceVersionDate "2021.10.24"]
[SourceQuality "1"]

1. d4 Nf6 2. c4 e6 3. g3 d5 4. Bg2 Be7 5. Nf3 0-0 6. 0-0 dxc4 7. Qc2 a6 8. a4 Bd7 9. Qxc4 Bc6 10. Bf4 Bd6 11. Qc1 Nbd7 12. Nc3 Qe7 13. Re1 Bxf3 14. Bxf3 Bxf4 15. Qxf4 c6 16. Red1 a5 17. e4 e5 18. Qe3 Rad8 19. Be2 exd4 20. Rxd4 Nc5 21. Rad1 Rxd4 22. Rxd4 Re8 23. f3 Nfd7 24. f4 Nb6 25. Kf2 f6 26. h4 Kf8 27. Kg2 Ne6 28. Rd2 Nc5 29. Rd4 Ne6 30. Rd2 Nc5 31. Rd4 1/2-1/2

[Event "RA-2018-0-00576"]
[Site "LSS email"]
[Date "2018.04.30"]
[Round "?"]
[White "Daanen, Aard"]
[Black "Susla, Vitaliy"]
[Result "1/2-1/2"]
[WhiteElo "2161"]
[BlackElo "2327"]
[PlyCount "61"]
[EventDate "2018.03.30"]
[EventType "tourn (corr)"]
[EventRounds "6"]
[EventCountry "GER"]
[SourceTitle "Corr 2022"]
[Source "ChessBase"]
[SourceDate "2021.10.24"]
[SourceVersion "1"]
[SourceVersionDate "2021.10.24"]
[SourceQuality "1"]

1. e4 c5 2. Nf3 d6 3. d4 cxd4 4. Nxd4 Nf6 5. Nc3 a6 6. Be3 e5 7. Nf3 Be7 8. Bc4 0-0 9. 0-0 Qc7 10. Bb3 Be6 11. Nh4 g6 12. Bh6 Re8 13. Qd2 Ng4 14. Bg5 Bxg5 15. Qxg5 Qd8 16. Nf3 Qxg5 17. Nxg5 Nc6 18. Rad1 Rad8 19. Nxe6 fxe6 20. Ba4 Nf6 21. Bxc6 bxc6 22. f3 Kf7 23. Rfe1 Ke7 24. Na4 Nd7 25. b3 g5 26. Nb2 d5 27. Rc1 Kd6 28. c4 d4 29. c5+ Kc7 30. Nd3 Rg8 31. Kf2 1/2-1/2

[Event "RA-2018-0-00576"]
[Site "LSS email"]
[Date "2018.04.30"]
[Round "?"]
[White "Misericordia, Antonio"]
[Black "Daanen, Aard"]
[Result "1/2-1/2"]
[WhiteElo "2362"]
[BlackElo "2161"]
[PlyCount "78"]
[EventDate "2018.03.30"]
[EventType "tourn (corr)"]
[EventRounds "6"]
[EventCountry "GER"]
[SourceTitle "Corr 2022"]
[Source "ChessBase"]
[SourceDate "2021.10.24"]
[SourceVersion "1"]
[SourceVersionDate "2021.10.24"]
[SourceQuality "1"]

1. g3 c5 2. c4 g6 3. Nc3 Bg7 4. Bg2 Nc6 5. b3 e6 6. Ba3 d6 7. e3 Nge7 8. Nge2 0-0 9. 0-0 e5 10. d3 Be6 11. Nd5 Qd7 12. Nec3 Rad8 13. Qd2 Bh3 14. Bxh3 Qxh3 15. b4 Nxd5 16. Nxd5 e4 17. Bb2 exd3 18. Bxg7 Kxg7 19. b5 Ne5 20. f4 Ng4 21. Qb2+ f6 22. Rfd1 Rfe8 23. Rxd3 Re4 24. Ra3 Rxc4 25. Rxa7 Rb8 26. Qe2 h5 27. a4 h4 28. gxh4 Re4 29. Rf1 Nxe3 30. Rf3 Qg4+ 31. Kh1 Nxd5 32. Qxe4 Re8 33. h3 Qh5 34. Qxe8 Qxf3+ 35. Kh2 Qf2+ 36. Kh1 Qf1+ 37. Kh2 Qf2+ 38. Kh1 Qf1+ 39. Kh2 Qf2+ 1/2-1/2

[Event "ZH-2018-0-01668"]
[Site "LSS email"]
[Date "2018.04.13"]
[Round "?"]
[White "Daanen, Aard"]
[Black "Kahl, Fred"]
[Result "1/2-1/2"]
[WhiteElo "2155"]
[BlackElo "2407"]
[PlyCount "73"]
[EventDate "2018.03.07"]
[EventType "match (corr)"]
[EventRounds "2"]
[EventCountry "GER"]
[SourceTitle "Corr 2022"]
[Source "ChessBase"]
[SourceDate "2021.10.24"]
[SourceVersion "1"]
[SourceVersionDate "2021.10.24"]
[SourceQuality "1"]

1. d4 d5 2. Bf4 Nf6 3. e3 c5 4. c3 Nc6 5. Nd2 e6 6. Ngf3 Bd6 7. Bg3 0-0 8. Bd3 b6 9. Qe2 Bb7 10. Rd1 Rc8 11. 0-0 Bxg3 12. hxg3 g6 13. a3 Qe7 14. dxc5 bxc5 15. e4 c4 16. Bc2 Qc5 17. Rfe1 Rfd8 18. e5 Nd7 19. Nf1 Kg7 20. N1h2 h5 21. Qd2 Qe7 22. Qf4 Rb8 23. Nd4 Nxd4 24. Rxd4 Bc6 25. Rb1 Rb6 26. Nf3 Rdb8 27. Qc1 Nc5 28. Rf4 Ba4 29. Bxa4 Nxa4 30. b4 Nc5 31. Qe3 Nd3 32. Rh4 Ra6 33. Ra1 f5 34. a4 Rab6 35. Nd4 Rh8 36. a5 Rb7 37. b5 1/2-1/2

[Event "RA-2018-0-00572"]
[Site "LSS email"]
[Date "2018.03.31"]
[Round "?"]
[White "Daanen, Aard"]
[Black "Susla, Vitaliy"]
[Result "0-1"]
[WhiteElo "2155"]
[BlackElo "2350"]
[PlyCount "82"]
[EventDate "2018.03.09"]
[EventType "tourn (corr)"]
[EventRounds "6"]
[EventCountry "GER"]
[SourceTitle "Corr 2022"]
[Source "ChessBase"]
[SourceDate "2021.10.24"]
[SourceVersion "1"]
[SourceVersionDate "2021.10.24"]
[SourceQuality "1"]

1. d4 Nf6 2. c4 g6 3. Nc3 Bg7 4. e4 d6 5. Bg5 h6 6. Be3 Ng4 7. Bc1 e5 8. d5 f5 9. Be2 Nf6 10. exf5 gxf5 11. Bh5+ Nxh5 12. Qxh5+ Kf8 13. f4 e4 14. Nge2 Qe8 15. Qh3 Na6 16. 0-0 Qf7 17. Be3 Kg8 18. Bd4 Rh7 19. Rad1 h5 20. Nb5 h4 21. Qa3 Bf8 22. Rf2 Rh6 23. b4 c6 24. Nxa7 Nc7 25. Qh3 Bd7 26. Nc3 Ne8 27. Qe3 Rg6 28. Rc2 Kh7 29. Rb1 Be7 30. Kh1 Nf6 31. Qe2 h3 32. gxh3 Kh6 33. Qf2 cxd5 34. Bxf6 Bxf6 35. Nxd5 b6 36. Qxb6 e3 37. Nc6 Qe6 38. Ne5 dxe5 39. Qxe3 Bc6 40. fxe5+ Kh7 41. Rd1 Bg5 0-1

[Event "RA-2018-0-00572"]
[Site "LSS email"]
[Date "2018.03.31"]
[Round "?"]
[White "Muniz Pardino, Alberto"]
[Black "Daanen, Aard"]
[Result "1-0"]
[WhiteElo "2255"]
[BlackElo "2155"]
[PlyCount "95"]
[EventDate "2018.03.09"]
[EventType "tourn (corr)"]
[EventRounds "6"]
[EventCountry "GER"]
[SourceTitle "Corr 2022"]
[Source "ChessBase"]
[SourceDate "2021.10.24"]
[SourceVersion "1"]
[SourceVersionDate "2021.10.24"]
[SourceQuality "1"]

1. e4 e5 2. Nf3 Nc6 3. Bc4 Bc5 4. c3 Nf6 5. d3 a6 6. 0-0 d6 7. Re1 Ba7 8. a4 h6 9. Nbd2 0-0 10. b4 Ne7 11. h3 Ng6 12. d4 Re8 13. Bd3 Bd7 14. Bc2 Bc6 15. Bd3 b5 16. axb5 axb5 17. Qc2 Nf4 18. Bf1 Bb6 19. Bb2 Rxa1 20. Rxa1 exd4 21. cxd4 Bd7 22. Kh2 Ne6 23. g3 Qe7 24. Rc1 Nf8 25. Bd3 Qe6 26. Ng1 h5 27. f3 Rc8 28. Nb3 Qe8 29. h4 Ra8 30. Nh3 Ra4 31. Qc3 Qe7 32. Re1 Ng6 33. Kg2 c6 34. Ng5 Ra7 35. Bc2 Rc7 36. Bb1 Ra7 37. Na5 c5 38. e5 cxb4 39. exf6 bxc3 40. fxe7 Nxe7 41. Rxe7 cxb2 42. Rxf7 g6 43. Bxg6 Bxa5 44. Ne6 Bxe6 45. Rxa7 Bc3 46. Ra6 Kf8 47. Bb1 Ke7 48. Ra7+ 1-0

[Event "FICGS rapid A 000213 email"]
[Site "FICGS email"]
[Date "2018.03.24"]
[Round "1"]
[White "Daanen, Aard"]
[Black "Liwat, Lowell"]
[Result "1-0"]
[WhiteElo "2031"]
[BlackElo "1900"]
[PlyCount "69"]
[EventDate "2018.??.??"]
[EventType "tourn (rapid)"]
[EventRounds "6"]
[SourceTitle "Corr 2022"]
[Source "ChessBase"]
[SourceDate "2021.10.24"]
[SourceVersion "1"]
[SourceVersionDate "2021.10.24"]
[SourceQuality "1"]

1. e4 c5 2. Nf3 Nc6 3. d4 cxd4 4. Nxd4 e5 5. Nb5 d6 6. c4 Nf6 7. N1c3 a6 8. Na3 Be7 9. Nc2 0-0 10. Be2 Be6 11. 0-0 Nd7 12. Be3 f5 13. exf5 Bxf5 14. Bg4 Bxg4 15. Qxg4 Rf6 16. Rad1 Rg6 17. Qe2 Nf6 18. f4 Ng4 19. Nd5 Nxe3 20. Ncxe3 Nd4 21. Qd3 Bf6 22. Qe4 Ne2+ 23. Kh1 Rh6 24. Nf5 Nd4 25. Nxh6+ gxh6 26. Nxf6+ Qxf6 27. fxe5 Qxe5 28. Qxb7 Rf8 29. Rxf8+ Kxf8 30. Rf1+ Ke8 31. Qc8+ Ke7 32. Qf8+ Kd7 33. Rf7+ Kc6 34. Qc8+ Kb6 35. Qc7# 1-0

[Event "RA-2018-0-00567"]
[Site "LSS email"]
[Date "2018.03.08"]
[Round "?"]
[White "Daanen, Aard"]
[Black "Willmann, Bernd"]
[Result "1/2-1/2"]
[WhiteElo "2154"]
[BlackElo "2262"]
[PlyCount "27"]
[EventDate "2018.02.01"]
[EventType "tourn (corr)"]
[EventRounds "6"]
[EventCountry "GER"]
[SourceTitle "Corr 2022"]
[Source "ChessBase"]
[SourceDate "2021.10.24"]
[SourceVersion "1"]
[SourceVersionDate "2021.10.24"]
[SourceQuality "1"]

1. c4 e5 2. g3 Nf6 3. Bg2 c6 4. d4 exd4 5. Qxd4 d5 6. Nf3 Be7 7. cxd5 Qxd5 8. Nc3 Qxd4 9. Nxd4 0-0 10. 0-0 Rd8 11. Rd1 Na6 12. Bf4 Nb4 13. Nb3 Nfd5 14. Nxd5 1/2-1/2

[Event "FICGS rapid A 000209 email"]
[Site "FICGS email"]
[Date "2018.01.22"]
[Round "1"]
[White "Duttagupta, Aniruddha"]
[Black "Daanen, Aard"]
[Result "1/2-1/2"]
[WhiteElo "1928"]
[BlackElo "2015"]
[PlyCount "54"]
[EventDate "2018.??.??"]
[EventType "tourn (rapid)"]
[EventRounds "6"]
[SourceTitle "Corr 2022"]
[Source "ChessBase"]
[SourceDate "2021.10.24"]
[SourceVersion "1"]
[SourceVersionDate "2021.10.24"]
[SourceQuality "1"]

1. d4 Nf6 2. Bg5 d5 3. e3 c5 4. Bxf6 gxf6 5. dxc5 Nc6 6. Bb5 e6 7. c4 dxc4 8. Nd2 Rg8 9. Bxc6+ bxc6 10. Qa4 Qd5 11. Ne2 Qxc5 12. 0-0 Rb8 13. Rfd1 Be7 14. Rab1 Kf8 15. Qc2 h5 16. h4 c3 17. bxc3 Rxb1 18. Rxb1 f5 19. Rb8 Kg7 20. Nf3 Bd6 21. Ra8 Qb6 22. Qb3 c5 23. Qxb6 axb6 24. Nf4 Bxf4 25. exf4 Bb7 26. Rxg8+ Kxg8 27. Ne5 b5 1/2-1/2